00866nam a2200181 a 450000100100000000500170001000800410002704000250006824500480009324600700014126000400021130000200025171000740027195201050034595201110045095201060056199900170066700002740120250211094043.0110331s20uu dr 000 0 spa d aDO-SdBNPbspacBNPHU00aLey general de la administracion pública.14aLey general de la administracion pública:bTexto en discución a[Santo Doming] :bCONARE,c[19--?]. a64 p. ;c23 cm.1 aRepública Dominicana. Consejo Nacional de Reforma del Estado964396 0010718PDaPDbPDcHDd2011-03-31iLF1l0o p27401-10r2020-06-25w2020-06-25yLFPDZNo se presta 0010718PDaPDbPDcCTd2011-05-09iLF1l0o p27401-20r2020-06-25te. 2w2020-06-25yLFPDZNo se presta 00107-18PDaPDbPDcOId2011-03-31iLF1l0o p27402-10r2020-06-25w2020-06-25yLFPDZNo se presta c26893d26893